000 01319nam a2200253Ia 4500
999 _c55751
_d55751
001 22846
003 GE_BSU
005 20230525105651.0
008 181216s ||||ge |||||||||||||| ||geo||
020 _a978-9941-9048-3-7
040 _cGE_BSU
041 _ageo
080 _a821.112.2(436)-1 მ-46
245 _aმე-20 საუკუნის ავსტრიული ლირიკა = Osterreichische Lyrik des 20. Jahrhunderts :
_bმასალები ტ. 6 იოზეფ ვაინჰებერი /
_cიდეის ავტ. და ხელმძღვ. დათო ბარბაქაძე ; მრჩეველთა კოლ. : ბ. ადეიშვილი, მ. გრუბერი და სხვა.
264 _aთბილისი :
_bპოლილოგი,
_c2009.
300 _a286 გვ. ;
_c20 სმ.
500 _aლექსები გერმანულ და ქართულ ენებზე
500 _aდანართები : გვ. 207-277
520 _aლექსები გერმ. და ქართ.
541 _h7 ლ.
653 _aმე-20 საუკუნის ავსტრიული ლირიკა
653 _aტ.6 იოზეფ ვაინჰებერი
942 _cBK
_2udc